000
00342 a2200169 4500
001
189702
020
_a
978-85-385-4877-5
040
_c
Magnum
100
_a
Veneza, MaurĂcio
240
1
0
_a
Macacada
_l
por
245
1
0
_a
Macacada
300
_a
24
362
0
_a
2011
440
1
_a
Positivo
697
_a
LITERATURA INFANTIL
942
_c
BK
999
_c
189702
_d
189702